000 00257nam a2200109Ia 4500
005 20251222114404.0
008 251222s1900||||xx |||||||||||||| ||spa||
082 _aDVD0070/V17/1954/Ej.2
245 0 _aMarcelino pan y vino
264 _bChamartín
942 _cDVD
999 _c1767
_d1767